BENFICA 2025/2026 - Statistiques

Statistiques générales
  • Ce quiz a été pris 29 fois
  • Le résultat moyen est 10 sur 22
Statistiques - réponses
POSTE JOUEUR % Correct
GK TRUBIN
96%
DF OTAMENDI
87%
DF SILVA
83%
FW PAVLIDIS
74%
GK SOARES
74%
DF BAH
70%
DF DEDIC
70%
ML RIOS
65%
FW IVANOVIC
61%
FW PRESTIANNI
61%
DF AURSNES
57%
ML BARREIRO
57%
FW LUKEBAKIO
43%
ML SUDAKOV
43%
ML RAFA
39%
FW SCHJELDRUP
13%
ML BARRENCHEA
9%
FW HENRIQUE ARAUJO
9%
DF OBRADOR
9%
FW AMDOUNI
0%
DF MORATO
0%
DF SANTOS
0%
Aucun quiz correspondant
Distribution des résultats
% des personnes avec chaque résultat
Percentile par nombre de réponses
Votre historique - résultats
Vous n’avez pas pris ce quiz